=LDR 00000nam 2200000 4500 =001 INLIS000000000016030 =005 20210408095418 =035 ##$$a 0010-061300000016030 =008 210408################g##########0#ind## =041 ##$$a Ind =082 ##$$a 338.272 829 87 =090 ##$$a 338.272 829 87, Ven v =245 ##$$a Venezuela : $b Simon Bolivar sang pembebas /$c Kedutaan Venezuela =250 ##$$a Seri No. 2 =260 ##$$a Jakarta :$b Kedutaan Venezuela,$c 1988 =300 ##$$a iii, 17 hlm. : $b ilus. ; $c 21 x 16 cm. =650 #4$$a Bolivar, Simon 1783-1830 =850 ##$$a NBPNMAT =084 ##$$a 338.272 829 87 VEN v =700 #$$a Kedutaan Venezuela =990 ##$$a 31.616/Hd-89 =990 ##$$a 31.617/hd89 =990 ##$$a 31.618/hd89 =990 ##$$a 31.617/Hd-89 =990 ##$$a 31.616/Hd-89 =990 ##$$a 31.618/hd89 =990 ##$$a 31.618/Hd-89 =990 ##$$a 31.616/Hd-89 =990 ##$$a 31.617/Hd-89